Revista de Contabilidad Spanish Accounting Review

Bibliographic Details
Format: Unknown
Language:Spanish
Published: Santander : ASEPUC (Asociacin̤ Espaǫla de Profesores Universitarios de Contabilidad)
Subjects:
Online Access:Acceso restringido

MARC

LEADER 00000ny a22000003n 4500
005 20110516095641.0
008 091016c19uu9999sp r p s 0000a0spa d
022 |a 1138-4891 
022 |a 1988-4672 
035 |a 5142 
040 |a BUS  |d vLex 
090 |c 1916  |d 1916 
245 3 0 |a Revista de Contabilidad  |h [Recurso electrn̤ico]  |b Spanish Accounting Review 
256 |a Servicio en ln̕ea 
260 |a Santander :  |b ASEPUC (Asociacin̤ Espaǫla de Profesores Universitarios de Contabilidad) 
310 |a Semestral 
506 1 |a Contenido solo disponible en los productos indicados  |d vLex Global  |d vLex Global (Academic Edition, excluding Law Schools)  |d vLex Global (U.S. Academic Edition, excluding Law Schools) 
650 0 4 |2 Tesauro vLex  |a Corporate governance 
650 0 4 |2 Tesauro vLex  |a Studies 
650 0 4 |2 Tesauro vLex  |a Boards of directors 
740 |a vLex Revista (Servicios en ln̕ea) 
843 |a Electrn̤ica. Abierta 
853 |8 1  |i (year)  |j (month)  |k (day) 
856 4 0 |z Acceso restringido  |u http://vlex.com/account/login_ip?fuente_id=5142 
942 |c REV 
999 9 |a auditing 
999 9 |a corporate governance 
999 9 |a environmental accounting 
999 9 |a management accounting 
999 9 |a social accounting